KOHA-Header-6

Risk Management And Insurance (Record no. 8782)

000 -LEADER
fixed length control field 00274nam a2200109Ia 4500
100 ## - MAIN ENTRY--AUTHOR NAME
Personal name Scott E Harrington
245 #0 - TITLE STATEMENT
Title Risk Management And Insurance
260 ## - PUBLICATION, DISTRIBUTION, ETC. (IMPRINT)
Place of publication New Delhi
Name of publisher Prentice Hall
Year of publication 1999
300 ## - PHYSICAL DESCRIPTION
Number of Pages 434
942 ## - ADDED ENTRY ELEMENTS (KOHA)
Koha item type Books
Holdings
Withdrawn status Lost status Collection code Permanent Location Current Location Shelving location Date acquired Full call number Accession Number Koha item type
    Finance MAJU MAJU Shelf No.B44 2019-09-14 658.403 3758 Finance

Powered by Koha